Women intercollegiate athletes and self-esteem /

Bibliographic Details
Main Author: Bousek, Mary Jo
Format: Thesis Book
Language:English
Published: Lincoln, Neb. : Bousek, 1974.
Subjects:

MARC

Tag First Indicator Second Indicator Subfields
LEADER 00000cam a2200000 i 4500
001 in00000064318
005 20151008051759.0
008 761015r19761974oru bb 00010 eng d
035 |a (OCoLC)02505437 
035 |9 AAG9946AM 
040 |a Univ. of Oregon  |c XBM  |d TXA  |d UtOrBLW 
049 |a TXAI 
099 |a fiche  |a C  |a 1412 
100 1 |a Bousek, Mary Jo. 
245 1 0 |a Women intercollegiate athletes and self-esteem /  |c by Mary Jo Bousek. 
264 1 |a Lincoln, Neb. :  |b Bousek,  |c 1974. 
300 |a vi, 121 leaves 
336 |a text  |b txt  |2 rdacontent 
337 |a microform  |b h  |2 rdamedia 
338 |a microfiche  |b he  |2 rdacarrier 
500 |a Microfiche (negative) of typescript. Eugene : Microform Publications, College of Health, Physical Education and Recreation, University of Oregon, 1976. -- 2 sheets ; 10.5 x 14.8 cm. 
502 |b M.Ed.  |c University of Nebraska - Lincoln. 
504 |a Bibliography: leaves 90-102. 
500 |a Microform. 
650 0 |a Women athletes. 
650 0 |a Self-esteem. 
999 |a MARS 
999 f f |s d0d8ce5b-16f0-3114-8aac-559e61c39ebe  |i e9c803f8-602c-3d3f-b1e6-1f58cb53dbd9  |t 0 
952 f f |p normal  |a Texas A&M University  |b College Station  |c Sterling C. Evans Library  |d Evans: Microforms (3rd floor)  |t 0  |e fiche C 1412  |h Other scheme  |i microform -- microfiche  |m A14820663891 
998 f f |a fiche C 1412  |t 0  |l Evans: Microforms (3rd floor)